Представление документа в формате RUSMARC

Поле Инд. ПП Название Значение
Тип записи a
Библиографический уровень a
001 Контрольный номер 93db581386514799a135308348a159d2
005 Дата корректировки 20190627132642.5
100 a Данные общей обработки 20190627 ||| 0rusy0189 ca
101 0_ a Язык текста rus
102 a Страна публикации RU
200 1_ f Первые сведения об ответственности М.Н. Махиборода, Е.О. Ананьева
a Заглавие Правовые основы деятельности коллекторских агентств
b Общее обозначение материала Текст
210 1_ d Дата издания 2019
461 _0 1 2000
a Российская юстиция
463 _0 1 2000
a № 5
v С. 13-16
1 2101
d 2019
1 001681e07d7b86b4095872f374ed2b29d93
606 a Основная рубрика Гражданское и торговое право
610 0_ a Ключевые слова КОЛЛЕКТОРСКИЕ АГЕНТСТВА
a Ключевые слова ЮРИДИЧЕСКИЕ ЛИЦА
700 _1 a Фамилия Махиборода
b Имя М.Н.
701 _1 a Фамилия Ананьева
b Имя Е.О.
801 _0 a Страна RU
b Организация РГУП
c Дата составления 20190627
g Правила каталогизации PSBO
801 _1 a Страна RU
b Организация РГУП
c Дата составления 20190627
g Правила каталогизации PSBO
901 t Тип документа b
w Контрольный № источника 681e07d7b86b4095872f374ed2b29d93
905 a Дата ввода 20190627